Alle föderalen Republiken - Statistiken

Allgemein
  • Dieses Quiz wurde 10 mal gespielt
  • Das Durchschnittsergebnis liegt bei 9 aus 20
Antwortstatistiken
Föderale Republik % Korrekt
Deutschland
90%
Österreich
90%
Schweiz
90%
Vereinigte Staaten
80%
Brasilien
70%
Mexiko
70%
Russland
70%
Argentinien
60%
Indien
50%
Nigeria
40%
Äthiopien
30%
Venezuela
30%
Somalia
20%
Sudan
20%
Südsudan
20%
Bosnien und Herzegowina
10%
Irak
10%
Mikronesien
10%
Nepal
10%
Komoren
0%
Keine übereinstimmenden Quizze gefunden
Verteilung der Resultate
Anzahl Personen mit jedem Resultat
Perzentil nach korrekt beantworteten Fragen
Ihre Resultats-Entwicklung
Sie haben dieses Quiz noch nicht gespielt